03321nam a2200217 4500003000800000005001700008007000300025008004100028020001500069040004000084041000800124100001000132245017700142264003500319300001900354336002900373337002800402338002800430505033700458520230800795vecauma20260420200938.0ta260420b ve ||||| |||| 00| 0 spa d a9701023625 avecaumabspacvecaumadvecaumaerda aspa1 eautor1 aLiderazgo, valores y cultura organizacional bHacia una organización competitiva c/ Alfonso Siliceo Aguilar, David Casares Arrangoiz, José Luis González Martínez  aMéxico:bMcGRAW-HILL;c1999. a220 páginas. atextobtxt2rdacontenido ano mediadobn2rdamedio avolumenbnc2rdasoporte0 aTendencias de transformación para el siglo XXI / Cultura y valores / El futuro de la misión de la empresa / Cultura organizacional y liderazgo / El proceso de crecimiento, cambio y vitalidad organizacional / Estrategias y modelos de cambio / 3 aNos encontramos ante un momento histórico de constantes, profundas, aceleradas y globales transformaciones; estamos por iniciar no sólo un nuevo siglo, sino un nuevo milenio, siendo testigos de los más impactantes cambios del mundo en todos los ámbitos de la cultura. Este fin de milenio está lleno de desafíos y riesgos, esperanzas y promesas que generarán frutos en la medida en que los seres humanos podamos responder con eficacia a las oportunidades que se presenten. Este reto sólo se logrará a través de líderes y empresas con visiones poderosas y compromisos de largo plazo que influyan constructivamente en bien de las organizaciones, instituciones, municipios, universidades y familias, contribuyendo a la construcción de una nueva sociedad. De aquí se deriva, como indispensable, el componente ético de todo liderazgo que pacte con un futuro sustentable. La predominancia de la información y del conocimiento que han caracterizado a la última era del siglo XX, deben ceder el paso a la hegemonía de la ética como horizonte para el siglo XXI. Este libro, fruto de más de 25 años de trabajo de los autores en el campo de la investigación y consultoría a empresas e instituciones, tanto privadas como públicas responde de manera clara y profunda a dicha necesidad. El Instituto de Liderazgo A.C. ha sido creado para contribuir al desarrollo de la la dirección organizacional en México. Surge como una nueva linea de trabajo basada en nuestra experiencia en el ámbito de la consultoría. El liderazgo para el cambio organizacional y la construcción de una nueva sociedad, es para nosotros la pieza clave en la coyuntura de fin de siglo. La globalización y la competitividad, el sentido humano del trabajo, las formas de producir, los requerimientos sociales, el problema de la estabilidad laboral, las economías emergentes y los fuertes cambios que experimenta la geopolítica son indicadores de que una nueva cultura está naciendo. Para esos desafíos se requiere urgentemente de lideres visionarios, honestos y audaces que contribuyan al bien común social, conduciendo sabiamente a las empresas, universidades, dependencias públicas, iglesias, partidos políticos y sindicatos hacia la construcción de una nueva sociedad.